Porovnanie všeobecného a projektového manažmentu vo vybranom podniku diplomová práca

Gespeichert in:
Bibliographische Detailangaben
1. Verfasser: Mernik, Marina
Körperschaft: Fakulta podnikového manažmentu EU. Katedra manažmentu
Weitere Verfasser: Majtán, Miroslav
Format: Buch
Sprache:Slowakisch
Veröffentlicht: Bratislava 2017
Tags: Tag hinzufügen
Keine Tags, Fügen Sie das erste Tag hinzu!

MARC

LEADER 00000nbm a2200000 4500
001 0232521
005 20171219102416.1
041 0 |a slo 
044 |a SK 
245 1 0 |a Porovnanie všeobecného a projektového manažmentu vo vybranom podniku  |b diplomová práca  |c Marina Mernik ; školiteľ: Miroslav Majtán 
264 1 |a Bratislava  |c 2017 
300 |a 75 s. 
100 1 |a Mernik, Marina 
700 1 |a Majtán, Miroslav 
710 2 |a Fakulta podnikového manažmentu EU. Katedra manažmentu